Sanat - "Juokse sinä humma" - Statistics

Yleistilastot
  • Tätä visaa on pelattu 28 kertaa
  • Keskiarvotulos 106 / 156
Vastaustilastot
Vastaus % Oikein
humma
100%
Juokse
100%
sinä
100%
ja
96%
kun
96%
niin
96%
on
96%
taivas
96%
tumma
96%
tuo
92%
ei
71%
hei
71%
hummani
71%
se
67%
huputiti
63%
ole
63%
tyttö
54%
hurjanlainen
50%
olen
50%
poika
50%
taival
50%
tullut
50%
ainoa
46%
eihän
46%
kyytiini
46%
pitkänlainen
46%
hiljaa
42%
minun
42%
mun
42%
tässä
42%
aarre
38%
kahden
38%
kellään
38%
kuinka
38%
mennään
38%
sellaista
38%
lauluni
33%
maailmalla
33%
poijalla
33%
aisan
29%
alla
29%
heittää
29%
leipäni
29%
onkaan
29%
palasina
29%
pieni
29%
pieninä
29%
siellä
29%
tiuku
29%
voi
29%
harjaa
25%
maantieltä
25%
ne
25%
tölli
25%
kuuluu
21%
maantien
21%
tuuli
21%
Liinukka
17%
metsässä
17%
peittää
17%
tietäni
17%
varjot
17%
huokaa
13%
mutkassa
13%
kirsikkapuuni
0%
Ehtoja vastaavia visoja ei löytynyt
Tulosjakauma
Jokaisen tuloksen saaneiden osuus
Persentiili vastausten määrän mukaan
Tuloshistoriasi
Et ole pelannut tätä visaa